| 000 | 00610cam a2200193 4500500 | ||
|---|---|---|---|
| 005 | 20260329004156.0 | ||
| 041 | _afre | ||
| 042 | _adc | ||
| 100 | 1 | 0 |
_aHuneman, Philippe _eauthor |
| 245 | 0 | 0 | _aL’homéopathie est-elle soluble dans l’esprit scientifique ? |
| 260 | _c2018. | ||
| 500 | _a28 | ||
| 690 | _aHoméopathie | ||
| 690 | _aMédecine | ||
| 690 | _aPhilippe Huneman | ||
| 690 | _aScience | ||
| 786 | 0 | _nPhilosophie magazine | 124 | 11 | 2018-11-01 | p. 16-17 | 1951-1787 | |
| 856 | 4 | 1 | _uhttps://shs.cairn.info/magazine-philosophie-magazine-2018-11-page-16?lang=fr&redirect-ssocas=7080 |
| 999 |
_c1831417 _d1831417 |
||